00583nam a22001577a 450000500170000001000150001702000260003203500140005803700130007208200130008524500370009826000480013527000450018330000220022850001750025020180922143344.0 aENG-124026 a9788125063261c105.00 aEN-107558 bDBAD/PUB a372.6044 aComposition and writing skills / aHyderabadbOrient BlackSwan Pvt. Ltd.c2016 bHyderabade500029a3-6-752 Himayatnagar, a170pc24cm.(pbk.) aThis book has been prepared for undergraduate students by a Board of Editors under the supervision and direction of the Department of English, Punjabi University, Patiala